00359nam a2200121Ia 4500008004100000082001700041100001900058245003800077260003700115365000900152630003800161730003800199100415s9999 xx 000 0 und d b13484a598.2 aVoitkevich AA aThe feathers and plumage of birds aLONDONc1966bSIDGWICK & JACKSON b1935 aThe feathers and plumage of birds aThe feathers and plumage of birds